ბათუმის შოთა რუსთაველის სახელმწიფო უნივერსიტეტის ბიბლიოთეკა

McCracken's removable partial prosthodontics. (ბიბ.ჩანაწერი № 57483)

000 -LEADER
fixed length control field 00866cam a22002657a 4500
001 - CONTROL NUMBER
control field 16218249
005 - DATE AND TIME OF LATEST TRANSACTION
control field 20221107104644.0
008 - FIXED-LENGTH DATA ELEMENTS--GENERAL INFORMATION
fixed length control field 100505s2016 moua b 001 0 eng
020 ## - INTERNATIONAL STANDARD BOOK NUMBER
International Standard Book Number 9780323069908 X
020 ## - INTERNATIONAL STANDARD BOOK NUMBER
International Standard Book Number 0323069908 X
020 ## - INTERNATIONAL STANDARD BOOK NUMBER
International Standard Book Number 9788131245248 X
041 ## - LANGUAGE CODE
Language code of text/sound track or separate title eng
080 ## - UNIVERSAL DECIMAL CLASSIFICATION NUMBER
Universal Decimal Classification number 616.314-77 C-21
100 1# - MAIN ENTRY--PERSONAL NAME
Personal name Carr, Alan B.
9 (RLIN) 8804
245 10 - TITLE STATEMENT
Title McCracken's removable partial prosthodontics.
246 30 - VARYING FORM OF TITLE
Title proper/short title Removable partial prosthodontics
260 ## - PUBLICATION, DISTRIBUTION, ETC.
Place of publication, distribution, etc. St. Louis, Mo.:
Name of publisher, distributor, etc. Elsevier Mosby,
Date of publication, distribution, etc. c2016
300 ## - PHYSICAL DESCRIPTION
Extent xi, 375 p. :
Other physical details ill. (chiefly col.) ;
Dimensions 29 cm.
650 12 - SUBJECT ADDED ENTRY--TOPICAL TERM
Topical term or geographic name entry element Denture, Partial, Removable.
9 (RLIN) 8806
653 ## - INDEX TERM--UNCONTROLLED
keyword სტომატოლოგია
653 ## - INDEX TERM--UNCONTROLLED
keyword ორტოდონტია
653 ## - INDEX TERM--UNCONTROLLED
keyword მედიცინა
700 1# - ADDED ENTRY--PERSONAL NAME
Personal name Brown, David T.
Fuller form of name (David Theodore)
Relator term ავტორი
9 (RLIN) 8807
942 ## - ADDED ENTRY ELEMENTS (KOHA)
Source of classification or shelving scheme
Koha item type წიგნი
ეგზემპლარები
Withdrawn status Lost status Source of classification or shelving scheme Damaged status Not for loan Permanent Location Current Location Shelving location Date acquired Cost, normal purchase price Full call number Barcode Date last seen Copy number Price effective from Koha item type Public note
          ბათუმის შოთა რუსთაველის სახელმწიფო უნივერსიტეტის მთავარი ბიბლიოთეკა ბათუმის შოთა რუსთაველის სახელმწიფო უნივერსიტეტის მთავარი ბიბლიოთეკა წიგნსაცავი 2020-06-25 159.00 616.314-77 C-21 60680 2020-06-25 60680 2020-06-25 წიგნი 159 ლ.